000 00581nam a22001937a 4500
003 OSt
005 20210426082556.0
008 210211s1896 ||||| |||| 00| 0 eng d
040 _aeng
_beng
_cDLC
041 _aeng
_hgre
080 _a821.111
_bA-86
100 _9834
_aAesop
245 _aThe Fables of Aesop
_b: Compiled from The Best Accepted Sources
_c/ by: Henry Altemus
260 _aPhiladelphia
_bHenry Altemus
_c1896
300 _a160 p.
_bill.
650 0 _9254
_aEnglish literature
653 _aინგლისური ლიტერატურა
942 _2udc
_cBK
999 _c1346
_d1346